000
00360nam a22001217a 4500
020
_a
9789698535643
100
_a
Ali Shah
245
_a
Pakistan in the contemporary international system
_c
Ali Shah
260
_a
Islamabad
_b
NUST Institute of Policy Studies
_c
2020
300
_a
216p
942
_2
ddc
_c
BK
999
_c
541240
_d
541240